000
00318nam a2200133Ia 4500
005
20251222141844.0
008
251222s9999||||xx |||||||||||||| ||spa||
020
_a
978-612-46000-8-1
082
_a
498.323/N82
100
_a
Noriega Bernuy, Julio E.
245
0
_a
Caminan los Apus:
264
_b
Pakarina
942
_c
LIB
999
_c
7532
_d
7532